Catálogo público

Standard Fabrication Practices for Cane Sugar Mills / (Record no. 173218)

MARC details
000 -CABECERA
campo de control de longitud fija 00796nam a2200277Ia 4500
001 - NÚMERO DE CONTROL
campo de control dia_2699
003 - IDENTIFICADOR DEL NÚMERO DE CONTROL
campo de control CHAP
005 - FECHA Y HORA DE LA ÚLTIMA TRANSACCIÓN
campo de control 20230313093654.0
008 - DATOS DE LONGITUD FIJA--INFORMACIÓN GENERAL
campo de control de longitud fija 220117s1981 xx 000 0 und d
010 ## - NÚMERO DE CONTROL DE LA BIBLIOTECA DEL CONGRESO
Número de control de LC 173218
020 ## - NÚMERO INTERNACIONAL ESTÁNDAR DEL LIBRO
Número Internacional Estándar del Libro 0-444-41897-0
040 ## - FUENTE DE LA CATALOGACIÓN
Centro/agencia transcriptor CHAP
082 ## - NÚMERO DE LA CLASIFICACIÓN DECIMAL DEWEY
Número de clasificación 664.1 D45
100 ## - ENTRADA PRINCIPAL--NOMBRE DE PERSONA
Nombre de persona Delden, Edward
9 (RLIN) 31548
245 ## - MENCIÓN DE TÍTULO
Título Standard Fabrication Practices for Cane Sugar Mills /
Mención de responsabilidad, etc. by Edward Delden
260 ## - PUBLICACIÓN, DISTRIBUCIÓN, ETC.
Lugar de publicación, distribución, etc. Amsterdam, Holanda :
Nombre del editor, distribuidor, etc. Elsevier,
Fecha de publicación, distribución, etc. 1981
300 ## - DESCRIPCIÓN FÍSICA
Extensión 253 p.
400 ## - MENCIÓN DE SERIE/PUNTO DE ACCESO ADICIONAL--NOMBRE DE PERSONA [OBSOLETO, CAN/MARC], [LOCAL, USA]
Nombre de persona (SUGAR SERIES,1)
503 ## - NOTA DE HISTORIA BIBLIOGRÁFICA (BK CF MU) [OBSOLETO]
Nota de historia bibliográfica I.168174
650 ## - PUNTO DE ACCESO ADICIONAL DE MATERIA--TÉRMINO DE MATERIA
Término de materia o nombre geográfico como elemento de entrada 1.Azucar
Subdivisión general fabricación y refinación
9 (RLIN) 153373
650 ## - PUNTO DE ACCESO ADICIONAL DE MATERIA--TÉRMINO DE MATERIA
Término de materia o nombre geográfico como elemento de entrada Ingenieros azucareros
9 (RLIN) 153374
901 ## - ELEMENTOS DE DATOS A LOCAL LDA (RLIN)
a 664.1 D45
902 ## - ELEMENTOS DE DATOS B LOCAL, LDB (RLIN)
a M
905 ## - ELEMENTOS DE DATOS E LOCAL, LDE (RLIN)
a 0000001981 -UKA 0000000000ING00
942 ## - ELEMENTOS DE PUNTO DE ACCESO ADICIONAL (KOHA)
Tipo de ítem Koha Libro
Fuente del sistema de clasificación o colocación Dewey Decimal Classification
Holdings
Estado de retiro Estado de pérdida Fuente del sistema de clasificación o colocación Estado dañado Restricciones de uso No para préstamo Código de colección Localización permanente Ubicación/localización actual Fecha de adquisición Fuente de adquisición Información codificada de la localización en otra ubicación Coste, precio normal de compra Número de inventario Total de préstamos Signatura topográfica completa Código de barras Fecha visto por última vez Número de copia Tipo de ítem Koha
    Dewey Decimal Classification   Préstamo interno   General Ingenieria Agroindustrial Ingenieria Agroindustrial 28/07/1993 Compra Librería patena F. 165 / (28/07/93) 1 530.00 168174   664.1 D45 dia_3852 18/01/2022 1 Libro